Taeed Almohammad V Q (Record no. 13413)
[ view plain ]
| 000 -LEADER | |
|---|---|
| fixed length control field | 003160000a22001450004500 |
| 001 - CONTROL NUMBER | |
| control field | 006314 |
| 003 - CONTROL NUMBER IDENTIFIER | |
| control field | MACL |
| 040 ## - CATALOGING SOURCE | |
| Original cataloging agency | MACL |
| 090 ## - LOCALLY ASSIGNED LC-TYPE CALL NUMBER (OCLC); LOCAL CALL NUMBER (RLIN) | |
| -- | 13486 |
| -- | 13485 |
| 245 ## - TITLE STATEMENT | |
| Title | Taeed Almohammad V Q |
| Remainder of title | Port John Dewon |
| 260 ## - PUBLICATION, DISTRIBUTION, ETC. (IMPRINT) | |
| Place of publication, distribution, etc. | Kutub Khana Islami Lahore |
| 350 ## - PRICE (NR) (BK AM CF MU VM SE) [OBSOLETE] | |
| Price | 0.45 |
| 650 ## - SUBJECT ADDED ENTRY--TOPICAL TERM | |
| Topical term or geographic name as entry element | Urdu Literature |
| 942 ## - ADDED ENTRY ELEMENTS (KOHA) | |
| Call number prefix | 891 |
| Koha item type | Library Membar |
| Withdrawn status | Lost status | Damaged status | Not for loan | Home library | Current library | Date acquired | Total Checkouts | Full call number | Barcode | Date last seen | Uniform Resource Identifier | Price effective from | Koha item type |
|---|---|---|---|---|---|---|---|---|---|---|---|---|---|
| MACL | MACL | 15/04/2015 | 891 Book | CLU1354 | 29/04/2015 | 13288 | 15/04/2015 | Books |









